El espejo de la muerte

Na minha lista:
Detalhes bibliográficos
Autor principal: Unamuno, Miguel de
Formato: Livro
Idioma:Undetermined
Publicado em: Buenos Aires, Argentina Espasa-Calpe 1944
Edição:3
Assuntos:
Tags: Adicionar Tag
Sem tags, seja o primeiro a adicionar uma tag!

MARC

LEADER 00000nam a2200000Ia 4500
008 170316s9999 xx 000 0 und d
999 |c 25872  |d 25872 
040 |a cru BVZT 
090 |a 862 U-2e 
100 |a Unamuno, Miguel de 
245 |a El espejo de la muerte 
250 |a 3 
260 |a Buenos Aires, Argentina 
260 |b Espasa-Calpe 
260 |c 1944 
300 |a 167 páginas 
650 |a LITERATURA ESPAÑOLA  |9 23 
942 |c 15 D  |h 862 U-2e  |2 z